Music Quiz

Random Music or Song Quiz

Mystery Song Lyrics Number 45 Quiz Stats

 Plays Quiz not verified by Sporcle

Score 0/154 Timer 20:00
0 Plays Today
% Correct
I
96.6%
I
96.6%
I
96.6%
I
96.6%
I
96.6%
a
95.9%
the
94.5%
the
94.5%
the
94.5%
the
94.5%
the
94.5%
the
94.5%
the
94.5%
And
91%
And
91%
and
91%
you
89.7%
me
89.7%
me,
89.7%
me.
89.7%
me.
89.7%
me.
89.7%
you
89.7%
me.
89.7%
me,
89.7%
me.
89.7%
me.
89.7%
me.
89.7%
me,
89.7%
me.
89.7%
me.
89.7%
you
89.7%
me?
89.7%
me.
89.7%
you
89.7%
me.
89.7%
to
86.9%
is
85.5%
is
85.5%
in
84.1%
and
83.4%
be
82.8%
be
82.8%
When
80.7%
No,
80.7%
No,
80.7%
When
80.7%
we
79.3%
as
78.6%
as
78.6%
as
78.6%
as
78.6%
% Correct
stand.
77.9%
Stand
77.9%
by
77.9%
Stand
77.9%
by
77.9%
stand
77.9%
by
77.9%
stand,
77.9%
stand
77.9%
by
77.9%
Stand
77.9%
by
77.9%
stand.
77.9%
Stand
77.9%
by
77.9%
Stand
77.9%
by
77.9%
stand
77.9%
by
77.9%
stand
77.9%
stand
77.9%
by
77.9%
Stand
77.9%
by
77.9%
Stand
77.9%
by
77.9%
stand
77.9%
by
77.9%
Stand
77.9%
by
77.9%
stand
77.9%
by
77.9%
stand
77.9%
by
77.9%
stand
77.9%
stand
77.9%
by
77.9%
night
77.2%
Oh,
76.6%
oh,
76.6%
Oh,
76.6%
oh,
76.6%
Oh,
76.6%
oh,
76.6%
Oh,
76.6%
Oh,
76.6%
won't
75.9%
won't
75.9%
won't
75.9%
won't
75.9%
won't
75.9%
won't
75.9%
% Correct
Won't
75.9%
moon
75.2%
If
75.2%
come.
73.8%
see.
73.1%
Just
73.1%
darlin',
73.1%
darlin'.
73.1%
Just
73.1%
darlin',
73.1%
darlin'.
73.1%
Darlin',
73.1%
darlin'.
73.1%
only
72.4%
has
71.7%
long
71.7%
long
71.7%
So
71%
afraid.
70.3%
afraid.
70.3%
light
68.3%
we'll
65.5%
dark.
64.8%
sky
64.8%
fall.
64.8%
you're
64.8%
shed
64.1%
tear.
64.1%
Should
62.8%
should
62.8%
cry,
62.8%
cry.
62.8%
of
60%
look
57.9%
sea.
57.9%
upon.
55.2%
tumble
55.2%
Or
55.2%
crumble
54.5%
land
53.8%
all
53.8%
mountains
51.7%
now.
50.3%
now?
50.3%
are
50.3%
trouble,
44.8%
Whenever
41.4%
our
40.7%
gone.
35.9%
friends
15.2%

You're not logged in!

Compare scores with friends on all Sporcle quizzes.
OR
Log In

Sporcle TV

Today on Sporcle TV


Watch our educational content, quiz creation guides, and fun videos on Sporcle TV.

Show Comments

Extras

Top Quizzes Today


Score Distribution

Your Account Isn't Verified!

In order to create a playlist on Sporcle, you need to verify the email address you used during registration. Go to your Sporcle Settings to finish the process.

Report this User

Report this user for behavior that violates our Community Guidelines.

Details: